Modern Family Trivia: Semi-Difficult - Statistics

General Stats
  • This quiz has been taken 226 times
  • The average score is 6 of 15
Answer Stats
Question Answer % Correct
How many seasons are there of modern family? 11
91%
Where is Alex in the first episode of S11? Antarctica
63%
Which of Jay’s friends is married to Darlene? Shorty
60%
Who plays the Dunphy’s neighbour, Andre? Kevin Hart
55%
What nickname is Claire given at the Dude Ranch? Bossy
53%
What is the name of Mitch and Cam’s son? Rexford
51%
Who plays Luke Dunphy? Nolan Gould
46%
Who plays Lily Tucker-Pritchett? Aubrey Anderson-Emmons
30%
What is the name of the dog Frank gives to the Dunphys? Scout
27%
What is the name of Dylan’s mother? Farrah
25%
Who does Phil attack with cologne? Longines
23%
What is the name of Mitch and Cams smart fridge? Bridget
22%
What is the name of Gloria’s mother? Pilar
15%
What is Cam’s middle name? Scott
15%
Who does Manny write a poem for in S1, Ep1? Brenda Feldman
14%
No matching quizzes found
Score Distribution
Percent of People with Each Score
Percentile by Number Answered
Your Score History
You have not taken this quiz